000
00321 a2200145 4500
001
76252
020
_a
978-85-87872-97-5
040
_c
Anchieta - Colégio São Paulo
240
1
0
_a
A África está em nós
_l
por
245
1
0
_a
A África está em nós
300
_a
88
362
0
_a
2009
650
4
_a
Brasil
942
_c
BK
999
_c
76252
_d
76252